Score 0/34 Timer 10:00
0 Plays Today
Hint Answer % Correct
The largest airliner before 2005Boeing 747
93.3%
Most successful/produced airliner in the worldBoeing 737
91.5%
The largest airliner in the worldAirbus A380
87.8%
Widebody developed with 757Boeing 767
76.2%
Holds the record for the longest commercial flightBoeing 777
75.6%
The first commercial fly-by-wire aircraftAirbus A320
73.8%
Only modern single-level, four engine airlinerAirbus A340
70.7%
Airtran was the launch customerBoeing 717
69.5%
The 'Plastic Plane'Boeing 787
69.5%
2-engine A340Airbus A330
68.3%
Only successful supersonic transportBAC Concorde
67.1%
World's most over-powered aircraftBoeing 757
65.2%
Medium TrijetBoeing 727
64.6%
First Flight in 2013, FranceAirbus A350
64%
First trijet widebodyMcDonnell Douglas DC10
63.4%
First successful widebody/PANAM launch customerBoeing 707
57.9%
First twin-engine widebodyAirbus A300
50%
Hint Answer % Correct
Stretched DC10McDonnell Douglas MD11
49.4%
Regional Jet from CanadaBombardier CRJ
48.2%
Twin-turboprop from CanadaBombardier Dash-8
47%
Derived from the Douglas DC-9McDonnell Douglas MD80 Series
45.1%
Second trijet widebodyLockheed L-1011 TriStar
37.8%
Largest operator is ExpressJetEmbraer ERJ145
26.8%
Twin-turboprop from FranceATR 42
26.8%
First Flight in 2013, CanadaBombardier CS100
25.6%
4-engine Regional JetAvro RJ
25.6%
Twin-turboprop from BrazilEMB120 Brasilia
22.6%
Last of the FokkersFokker 70
22.6%
In development, first Japanese airliner in 50 yearMitsubishi MRJ
19.5%
Twin-turboprop from SwedenSaab 340
18.9%
Regional Jet from RussiaSukhoi Superjet
18.3%
Newest Regional Jet from BrazilEmbraer E-jets
14%
Twin-turboprop from the United StatesBeechcraft B1900
9.8%
Enter the Chinese into the Commercial airliner marketAVIC ARJ21
7.9%
Remove Ads.
Support Sporcle.
Get the best of Sporcle when you Go Orange. This ad-free experience offers more features, more stats, and more fun while also helping to support Sporcle. Thank you for becoming a member.

You're not logged in!

Compare scores with friends on all Sporcle quizzes.
OR
Log In

Show Comments

Extras

Created Oct 24, 2013ReportNominate
Tags:plane

Top Quizzes Today


Score Distribution

Your Account Isn't Verified!

In order to create a playlist on Sporcle, you need to verify the email address you used during registration. Go to your Sporcle Settings to finish the process.

Report this User

Report this user for behavior that violates our Community Guidelines.

Details: